000 00591nam a2200193Ia 4500
001 21880
003 GE_BSU
008 181216s||||||||xx |||||||||||||| ||und||
040 _cGE_BSU
245 _aИнновации в образовании, №12 Декабрь 2017.
245 _cГл.ред.И.В. Сыромятников
260 _aМосква
260 _c2017
300 _a187 стр. 25 см.
653 _aИнновации в образовании, №12 Декабрь 2017.
653 _aПериодика
653 _aპერიოდიკა
942 _cCR
999 _c54811
_d54811